Statistics for AK’s General Knowledge A-Z #22

Click here to take the quiz!

General Stats

  • This quiz has been taken 515 times
  • The average score is 20 of 26

Answer Stats

HintAnswer% Correct
W – “Elementary, my dear _____”, or Hermione actor EmmaWatson
94%
D – “_______ with the Stars”: various international TV series based on the British format “Strictly Come _______”Dancing
93%
H – Africa, a symphony orchestra and bulls have theseHorn
93%
M – belonging to me, or a location where something valuable is soughtMine
93%
A – Cape Agulhas is the southernmost tip of this continentAfrica
92%
J – a playing card, or Gotham-City-based Arthur FleckJoker
92%
Y – one of the smallest dog breeds of terrier type, named after a county in EnglandYorkshire Terrier
88%
Z – was tapping away at his keyboard in a Harvard dorm room in 2004 and became the world's youngest self-made billionaireMark Zuckerberg
87%
R – English king who couldn’t speak English properly and was known as the LionheartRichard I
87%
U – to guide people to their seats, or American singer with hits “Crash” and “Yeah!”Usher
86%
I – country with the highest number of active volcanoesIndonesia
85%
N – nix, nada, zilchNothing
84%
G – Psy’s hit “_____ Style”, which “broke” YouTube’s view limit in 2012Gangnam
83%
L – one of the four fundamental states of matter; the only state with a definite volume but no fixed shapeLiquid
83%
F – actor James (“127 Hours”), or someone who ruled Spain with more power than any other leader and developed a cult of personality around his ruleFranco
82%
X – a programming language, a clothing size, or a number in Roman numeralsXL
80%
K – Jeffrey Archer’s novel “____ & Abel”, or Marilyn Monroe’s character Sugar in “Some Like It Hot”Kane
79%
C – marine invertebrate animals that typically live in compact colonies and are important reef builders in tropical oceansCorals
75%
B – the little pig who wanted to do the work of a sheepdogBabe
73%
T – the classic board game where you get to put wedges into circular tokens when you know stuffTrivial Pursuit
71%
Q – first name of American record producer, composer and film producer Jones with a record 80 Grammy Award nominationsQuincy
70%
S – the largest city in the Southern HemisphereSão Paulo
58%
V – German Formula One champion 2010–2013, first name SebastianVettel
53%
O – a group of sports that require navigational skills using a map and compass in unfamiliar countrysideOrienteering
52%
P – children’s animated TV series that is “La Patrulla Canina” in SpanishPAW Patrol
35%
E – Bret Easton ____, author of "American Psycho"Ellis
27%

Score Distribution

Percentile by Number Answered

Percent of People with Each Score

Your Score History

You have not taken this quiz